000 00644nam a2200193 a 4500
001 000046640
005 20201002053022.0
008 180314s200- dr 000 0 spa d
020 _a9789945906899
040 _aDO-SdBNP
_bspa
_cBNPHU
082 _axxxx
_bR426L
110 1 _aRepública Dominicana
_9447
240 1 0 _a[Leyes, etc.]
245 1 0 _aLey 53-07 sobre crímenes y delito de alta tecnología.
260 _aSanto Domingo :
_bDalis,
_c[s.f].
300 _a32 p. ;
_c21 cm.
500 _aActualizado y adecuado conforme la Constitución 2010, las Leyes 247-12, 139-13 y el Dec. y sus modificaciones
590 _aInventariado, 2018/BT
999 _c46129
_d46129